Maisie Peters - Villain - Statistics

General Stats
  • This quiz has been taken 19 times
  • The average score is 387 of 405
Answer Stats
Answer % Correct
And
100%
and
100%
any
100%
best
100%
burn
100%
But
100%
call
100%
Christ!
100%
didn’t,
100%
didn’t
100%
do
100%
do,
100%
does
100%
“Don’t
100%
don’t
100%
dreams
100%
drunk
100%
ever
100%
front
100%
get
100%
getting
100%
girl
100%
gonna
100%
hear
100%
her
100%
her,
100%
house,
100%
house
100%
How
100%
how
100%
“I
100%
I,
100%
I
100%
I’ll
100%
I’m
100%
in
100%
is
100%
it
100%
it’s
100%
“Jesus
100%
know,
100%
know
100%
make
100%
me
100%
mean
100%
no,
100%
Now
100%
now”
100%
Of
100%
of
100%
Oh
100%
oh
100%
Oh,
100%
on
100%
out”
100%
out,
100%
out
100%
outside
100%
rain”
100%
ridiculous
100%
room,
100%
said,
100%
said
100%
seen
100%
she’s
100%
shouldn’t
100%
So
100%
some
100%
someone
100%
steps
100%
that
100%
the
100%
The
100%
then?
100%
thing
100%
think
100%
this
100%
“This
100%
to
100%
undressed
100%
villain
100%
way
100%
way,
100%
Well,
100%
well,
100%
what
100%
worry
100%
yeah,
100%
You
100%
you
100%
your
100%
you’re
100%
you’ve
100%
about
90%
already!”
90%
course
90%
‘Course
90%
curse
90%
dealing?
90%
escape
90%
feel
90%
fire
90%
freak
90%
If
90%
Just
90%
just
90%
like
90%
love
90%
move
90%
right
90%
screaming
90%
selfish,
90%
shit
90%
sitting
90%
stay
90%
there
90%
trying?
90%
up
90%
want
90%
wanted
90%
were
90%
anyway
80%
bad
80%
look
80%
miss
80%
more
80%
na
80%
na,
80%
sad?
80%
saying,
80%
Saying,
80%
than
80%
that’s
80%
too
80%
calling
70%
can’t
70%
everyone
70%
messed
70%
need
70%
one
70%
Remember
70%
reminding
70%
sees
70%
shut
70%
town’s
70%
wanna
70%
Whole
70%
change
60%
eyes,
60%
into
60%
isn’t
60%
kissing
60%
meant
60%
mind
60%
babe,
50%
my
50%
Please,
50%
Blacked
40%
Whoa,
30%
No matching quizzes found
Score Distribution
Percent of People with Each Score
Percentile by Number Answered
Your Score History
You have not taken this quiz